000 00436nam a2200181Ia 4500
001 16933
005 20260306170347.0
008 260306t1968||||xx |||||||||||||| ||und||
041 _aESP
082 _a657.3
_bO36
100 _aOrganización Internacional del Trabajo
_eAUT
245 0 _aCómo interpretar un balance
260 _c1968
300 _a127 p
_c24 cm.
650 _aGEN
654 _aCCO
942 _cLIB
_dJUS
_fJUS
_2ddc
_n
999 _c16933
_d16933